Statistics for Me & My Dog - boygenius (Lyrics)

Click here to take the quiz!

General Stats

  • This quiz has been taken 30 times
  • The average score is 122 of 145

Answer Stats

Answer% Correct
a
100%
an
100%
And
100%
and
100%
day
100%
do
100%
dog
100%
great
100%
had
100%
I
100%
it
100%
me
100%
my
100%
to
100%
we
100%
We
100%
you
100%
bad
94%
be
94%
dream
94%
eat
94%
forgot
94%
got
94%
I'm
94%
impossible
94%
Just
94%
kissing
94%
no
94%
sleep
94%
the
94%
were
94%
with
94%
about
88%
'Cause
88%
cool
88%
cried
88%
Even
88%
fever
88%
spaceship
88%
teenagers
88%
though
88%
Until
88%
your
88%
alright
81%
at
81%
could
81%
I'd
81%
I'll
81%
In
81%
make
81%
met
81%
never
81%
now
81%
Now
81%
Something
81%
together
81%
view.
81%
But
75%
hear
75%
hold
75%
matter
75%
myself
75%
on
75%
said
75%
show
75%
sometimes
75%
still
75%
Tell
75%
wanna
75%
doesn't
69%
Don't
69%
friend
69%
morning
69%
of
69%
one
69%
Then
69%
thought
69%
up
69%
wake
69%
was
69%
without
69%
won't
69%
emaciated
63%
know
63%
song
63%
thinking
63%
this
63%
wish
63%
breathe
56%
falling
56%
outside
56%
went
56%
why
56%
any
50%
better
50%
couldn't
50%
didn't
50%
fine
50%
guy
50%
embarrasing
44%
it'd
44%
When
38%

Score Distribution

Percentile by Number Answered

Percent of People with Each Score

Your Score History

You have not taken this quiz